=LDR 00000nam 2200000 4500 =001 INLIS000000000023073 =005 20130612121750 =008 ***********************************Ind** =035 ##$$0010-061300000023073 =041 ##$$a Ind =082 ##$$a 2x1.45 =090 ##$$a 2x1.45, Tai p =100 ##$$a Taimiyyah, Syakhul Islam =245 ##$$a Penyakit hati dan pengobatannya, Syaikhul Islam Ibnu Taimiyyah =260 ##$$a 1996 $b Surabaya =300 ##$$a 120 hlm, 21 cm =650 ##$$a Fiqih =850 ##$$a NBPNMAT